| 000 | nam a22 7a 4500 | ||
|---|---|---|---|
| 999 |
_c233085 _d233085 |
||
| 003 | Nust | ||
| 005 | 20170302094541.0 | ||
| 008 | 170302b xxu||||| |||| 00| 0 eng d | ||
| 020 | _a9781934154588 | ||
| 040 | _cDLC | ||
| 082 | _a625.85 ASP | ||
| 245 |
_aAsphalt in Pavement Preservation and Maintenance _cAsphalt institute, USA |
||
| 260 |
_aAsphalt institute, _bUSA |
||
| 300 |
_axiii, 155p. : _c27CM |
||
| 942 |
_2ddc _cBK |
||